00394 2200145 4500001002100000005001500021035002000036245007000056100002900126300002800155260003100183082000800214084001400222990001200236INLIS00000000000304420250919073440 a0010-09250003911 aWaskitha Basa Lan Sastra Jawa Kelas X /cLucia Yuyun Dian Susanti0 aLucia Yuyun Dian Susanti a182 hlm ;c17,5 x 25 cm aJakarta :bErlangga,c2021 a419 a419 LUC w a0755591